Silicidy dľa SBIS = Silicides for VLSI applications /

Gespeichert in:
Bibliographische Detailangaben
1. Verfasser: Murarka, S.P (Verfasst von)
Format: Buch
Sprache:Russisch
Veröffentlicht: Moskva : Mir, 1986
Tags: Tag hinzufügen
Keine Tags, Fügen Sie das erste Tag hinzu!

MARC

LEADER 00000nam a22000003a 4500
001 stu8629
005 20150617225806.9
008 960308s1986----xxr-----------------rus-d
040 |a STU  |b slo 
041 0 |a rus 
044 |a xxr 
080 |a 538.9  |7 stu_us_auth*stu7967 
080 |a 546.281 
080 |a 621.382.049.77 
100 1 |a Murarka, S.P  |4 aut 
245 1 |a Silicidy dľa SBIS = Silicides for VLSI applications /  |c [aut.] Murarka,S.P 
260 |a Moskva :  |b Mir,  |c 1986 
300 |a 176 s 
996 |b E63527  |c E*63527  |l EE11  |s P  |a 0  |w stu8629_0001